Nástroje BI a ich využitie v podniku diplomová práca

Guardado en:
Detalles Bibliográficos
Autor principal: Lukáčová, Alexandra
Autor Corporativo: Fakulta hospodárskej informatiky EU. Katedra aplikovanej informatiky
Otros Autores: Majirský, Miroslav
Formato: Libro
Lenguaje:eslovaco
Publicado: Bratislava 2011
Etiquetas: Agregar Etiqueta
Sin Etiquetas, Sea el primero en etiquetar este registro!

MARC

LEADER 00000nbm a2200000 4500
001 0140863
005 20161109101955.7
041 0 |a slo 
044 |a SK 
245 1 0 |a Nástroje BI a ich využitie v podniku  |b diplomová práca  |c Alexandra Lukáčová ; školiteľ: Miroslav Majirský 
264 1 |a Bratislava  |c 2011 
300 |a 61 s. 
100 1 |a Lukáčová, Alexandra 
700 1 |a Majirský, Miroslav 
710 2 |a Fakulta hospodárskej informatiky EU. Katedra aplikovanej informatiky